000 00977nam a2200325 i 4500
001 53061
003 ES-MaACL
005 20230906162711.0
007 t|
008 031006s1995 sp ||||0| spa j ..|
015 _a1989-AGO-14706
016 7 _zSAB9000058815
020 _a84-376-0157-6
040 _aM-BN-DP
_bspa
_cM-BN-DP
080 _a164(091)
100 1 _aNidditch, P. H.
_9185702
245 1 3 _aEl desarrollo de la lógica matemática /
_cP.H. Nidditch ; traducción de Carmen García-Trevijano.
250 _a5ª ed.
260 _aMadrid :
_bCátedra,
_c1995.
300 _a99 p ;
_c19 cm.
490 1 _aColección Teorema. Serie menor
500 _aIndice.
504 _aBibliografía: p. 95-96.
650 4 _aLógica matemática-
_vHistoria.
_914700
700 1 _aGarcía Trevijano, Carmen.
_955342
830 0 _aColección Teorema. Serie menor
_9183003
852 _aES-MaACL
_jL-26504
_bR.131977
999 _c53061
_d53061